• 首页
  • 本馆介绍
  • 公告通知
  • 最新文献
  • 馆藏检索
  • 电子资源
  • 读者导购
  • 参考咨询
  • 我的图书馆
  • 登录
  • 详细信息显示
  • 放入我的书架
  • 预约/预借图书
  • 作者相关作品
  • 分类相关作品
  • 丛书相关作品
  • 出版社相关作品

书目信息

  • 表格格式
  • 工作单格式
  • 卡片格式
题名:
蔡楚夫
    
 
作者: 蔡楚夫, 绘
分册:  
出版信息: 天津   天津人民美术出版社  2012
页数: 10, 167页, [2] 叶图版
开本: 38cm
丛书名: 中国近现代名家画集
单 册:
中图分类: J221-51 , J223.8
科图分类:
主题词: 绘画--hui hua--中国--近现代--作品综合集 , 油画--you hua--中国--现代--作品集
电子资源:
ISBN: 978-7-5305-4757-1
000 00958nam0 2200277 450
001 340579
005 20150625153728.62
010    @a978-7-5305-4757-1@b精装@dCNY300.00
100    @a20120807d2012 em y0chiy50 ea
101 0  @achi
102    @aCN@b120000
105    @aacfhz 000yy
106    @ar
200 1  @a蔡楚夫@Acai chu fu@e油画卷
210    @a天津@c天津人民美术出版社@d2012
215    @a10, 167页, [2] 叶图版@c图 (部分彩图), 肖像, 摹真@d38cm
225 2  @a中国近现代名家画集@Azhong guo jin xian dai ming jia hua ji
330    @a本书主要内容包括: 蔡楚夫和中国油画的一种自觉方式、旺盛的生命力、在中西文化节交汇中综合创造、纽约人、梨园春秋等。
410  0 @12001^@a中国近现代名家画集
606 0  @a绘画@Ahui hua@y中国@z近现代@j作品综合集
606 0  @a油画@Ayou hua@y中国@z现代@j作品集
690    @aJ221-51@v5
690    @aJ223.8@v5
701  0 @a蔡楚夫,@Acai chu fu@f1942-@4绘
801  0 @aCN@b卓展宏图@c20150525
905    @dJ221-51@e160@f3
    
    蔡楚夫:油画卷.-天津:天津人民美术出版社,2012
    10, 167页, [2] 叶图版:图 (部分彩图), 肖像, 摹真;38cm.-(中国近现代名家画集)
    
    
    ISBN 978-7-5305-4757-1(精装):CNY300.00
    本书主要内容包括: 蔡楚夫和中国油画的一种自觉方式、旺盛的生命力、在中西文化节交汇中综合创造、纽约人、梨园春秋等。
●
相关链接 在E读中查询图书 在五车中查询图书 在当当中查询图书 在豆瓣中查询图书


正题名:蔡楚夫     索取号:J221-51/160         预约/预借

序号 登录号 条形码 馆藏地/架位号 状态 备注
1 866295   208662954   第一样本阅览室/ [索取号:J221-51/160] 在馆    
2 866296   208662963   第一借阅区/ [索取号:J221-51/160] 在馆    
3 866297   208662972   第一借阅区/ [索取号:J221-51/160] 在馆    
唐山师范学院图书馆 欢迎您!
大连网信软件有限公司© 版权所有